Methods of social survey and research (Record no. 1932)

MARC details
000 -LEADER
fixed length control field 00444nam a2200205 4500
001 - CONTROL NUMBER
control field 1932
003 - CONTROL NUMBER IDENTIFIER
control field 0
005 - DATE AND TIME OF LATEST TRANSACTION
control field 20260410053258.0
008 - FIXED-LENGTH DATA ELEMENTS--GENERAL INFORMATION
fixed length control field 0
020 ## - INTERNATIONAL STANDARD BOOK NUMBER
International Standard Book Number 0
040 ## - CATALOGING SOURCE
Transcribing agency 0
082 ## - DEWEY DECIMAL CLASSIFICATION NUMBER
Edition information 365 BAJ
100 ## - MAIN ENTRY--PERSONAL NAME
Personal name Bajpai Dr. sr
245 ## - TITLE STATEMENT
Title Methods of social survey and research
250 ## - EDITION STATEMENT
Edition statement 0
260 ## - PUBLICATION, DISTRIBUTION, ETC.
Place of publication, distribution, etc. Kanpur
Name of publisher, distributor, etc. Kitab ghar
Date of publication, distribution, etc. 1985
300 ## - PHYSICAL DESCRIPTION
Dimensions 528p, 32Rs
Size of unit 10cm
650 ## - SUBJECT ADDED ENTRY--TOPICAL TERM
Source of heading or term Methods, social survey, research
942 ## - ADDED ENTRY ELEMENTS (KOHA)
Source of classification or shelving scheme Dewey Decimal Classification
Koha item type Books
Suppress in OPAC No

No items available.